A Föld napján is fúrtak a földet

Bibliographic Details
Main Author: Kmeť, Vladislav, 1950- (Author)
Format: Article
Language:Hungarian
Slovak
PhysicalDescription:Fotogr.
ISSN:1336-3638
Subjects:

MARC

LEADER 00000nab a2200000 a 4500
001 vtls011588037
003 SK-MaSNL
005 20260318121856.0
008 161021|2016 xo w| 000 0|hun
015 |a SNBRB2016/10 
038 |a DSZK 
040 |a DSZK  |b slo  |c DSZK  |e AACR2 
041 |a hun  |a slo 
044 |a xo  |c SK 
080 |a 502.17  |2 2011 
100 1 |a Kmeť, Vladislav,  |d 1950-  |4 aut  |9 338580 
245 1 0 |a A Föld napján is fúrtak a földet  |c Vladislav Kmeť 
300 |b Fotogr. 
611 2 7 |a Deň Zeme  |d (2016 :  |c Veľký Meder, Slovensko)  |2 dszk  |9 1587809 
648 7 |a 2016  |2 dszk  |9 339798 
650 0 7 |a ochrana životného prostredia  |2 SNKPH  |9 3352 
651 7 |a Veľký Meder (Slovensko)  |2 SNKPH  |9 19224 
773 0 |t Csallóköz=Žitný ostrov  |g Évf. 56, sz. 19 (2016), o. 25  |x 1336-3638 
852 |a DSZK  |b KIS3GCP 
856 |a http://www.csallokoz.sk 
958 |a SK 
958 |a HU 
999 |c 3254313  |d 3256243